000 00340nam a22001577a 4500
003 SGT
020 _a97881-239-2574-5
082 _a612.015
_bP14S
100 _aSINGH,S.P
245 _aPRACTICAL MANUAL OF BIOCHEMISTRY
250 _a7TH
260 _aDELHI
_bCBS PUB
_c2014
300 _a415
650 _aBIOCHEMISTRY
942 _2ddc
_cBK
_02
999 _c8770
_d8770